000 00846cam a2200253 i 4500
001 3193871
005 20250208095141.0
008 780606s1978 paua b 001 0 eng
020 _a0916730093 :
_c$8.95
050 0 0 _aRC630
_b.M65
082 0 0 _a616/.047
245 0 0 _aMonitoring fluid and electrolytes precisely.
260 _aHorsham, Pa. :
_bNursing 79 Books, Intermed Communications,
_cc1979
300 _a207 p. :
_bill. ;
_c24 cm.
500 _a"Nursing 79 skillbook series."
500 _aIncludes index.
650 0 _aBody fluid disorders
_xNursing.
650 0 _aWater-electrolyte imbalances
_xNursing.
650 0 _aPatient monitoring.
650 2 _aWater-electrolyte balance
_xNursing texts.
650 2 _aWater-electrolyte imbalance
_xNursing texts.
650 2 _aMonitoring, Physiologic
_xNursing texts.
942 _2lcc
_cBK
_n0
999 _c3639
_d3639